US States that Don't Border a State Starting with M - Statistics

General Stats
  • This quiz has been taken 449 times
  • The average score is 13 of 16
Answer Stats
State % Correct
California
95%
Florida
94%
Alaska
91%
Hawaii
89%
Texas
86%
Washington
86%
Arizona
84%
Oregon
82%
Colorado
81%
Georgia
80%
South Carolina
79%
New Mexico
77%
Utah
76%
North Carolina
74%
Nevada
72%
New Jersey
64%
No matching quizzes found
Score Distribution
Percent of People with Each Score
Percentile by Number Answered
Your Score History
You have not taken this quiz